| 000 | 01020cam a22003254a 4500 | ||
|---|---|---|---|
| 001 | 6683 | ||
| 003 | FISKH | ||
| 005 | 20250520161333.0 | ||
| 008 | 990302s1999 nyua b 000 0 eng | ||
| 010 | _a 99020402 | ||
| 020 | _a0789447517 (hardcover) | ||
| 020 | _a0789447509 (pbk.) | ||
| 040 |
_aDLC _cDLC _dDLC _beng |
||
| 050 | _aQC981 .W35 | ||
| 082 | _a551.6 | ||
| 100 | 1 | _aWallace, Karen. | |
| 245 | 1 | 0 |
_aWhatever the weather / _cwritten by Karen Wallace. |
| 260 |
_aNew York : _bDK Publishing, _c1999. |
||
| 300 |
_a32 pages : _bcolor illustrations ; _c23 cm |
||
| 440 | 0 |
_aEyewitness readers. _nLevel 1 |
|
| 505 | _aG | ||
| 520 | _aText, illustrations, and photographs of a boy looking out the window introduce different kinds of weather as it changes from day to day. | ||
| 521 | 8 |
_a380
_bLexile |
|
| 521 | 8 |
_aG
_bRaz-Plus |
|
| 650 | 0 |
_aWeather _vJuvenile literature. |
|
| 650 | 1 | _aWeather. | |
| 906 |
_a7 _bcbc _corignew _d1 _eocip _f19 _gy-gencatlg |
||
| 942 |
_2ddc _cBK _n0 |
||
| 999 |
_c6683 _d6683 |
||